| 000 | 00448nam a2200109Ia 4500 | ||
|---|---|---|---|
| 008 | 160909s9999 xx 000 0 und d | ||
| 100 | _aMei, Jenny J. | ||
| 245 | 4 | _aThe relationship between dietary and supplemental selenium, magnesium, zinc, and copper intake and depression score in older adults | |
| 260 |
_bCalifornia State University, Long Beach. _c2016 |
||
| 650 | _aNursing | ||
| 856 | _uhttp://pqdtopen.proquest.com/doc/1790812285.html?FMT=ABS | ||
| 999 |
_c303947 _d303947 |
||